|
|
|
|
| LEADER |
01392nam a22002777a 4500 |
| 001 |
41019 |
| 003 |
BD-DhAAL |
| 008 |
230323t2022 bg ||||| |||| 00| 0 eng d |
| 020 |
|
|
|a 9789849467847
|
| 040 |
|
|
|a BD-DhAAL
|c BD-DhAAL
|
| 082 |
|
|
|a 323.4095492
|2 23
|
| 245 |
|
|
|a Companies are citizens :
|c enforcement of fundamental rights (by and against private companies) /
|b compiled by Imtiaz Moinul Islam Neelim.
|
| 260 |
|
|
|a Dhaka :
|b Mullick Brothers,
|c 2022.
|
| 300 |
|
|
|a xv, 176 pages ;
|c 22 cm.
|
| 541 |
|
|
|a Complimentary copy
|e 41019, 41020, 41021
|
| 650 |
|
|
|a Civil rights
|z Bangladesh.
|
| 650 |
|
|
|a Human rights
|z Bangladesh.
|
| 650 |
|
|
|a Law enforcement
|z Bangladesh.
|9 53939
|
| 650 |
|
|
|a Law.
|
| 700 |
|
|
|a Neelim, Imtiaz Moinul Islam
|9 53940
|
| 852 |
|
|
|a Ayesha Abed Library
|c General Stacks
|
| 942 |
|
|
|2 ddc
|c BK
|
| 999 |
|
|
|c 45633
|d 45633
|
| 952 |
|
|
|0 0
|1 0
|2 ddc
|4 0
|6 323_409549200000000_COM
|7 0
|9 73462
|a BRACUL
|b BRACUL
|c GEN
|d 2023-03-23
|e Complimentary copy
|g 500.00
|l 0
|o 323.4095492 COM
|p 3010041019
|r 2023-03-23
|t 1
|w 2023-03-23
|y BK
|
| 952 |
|
|
|0 0
|1 0
|2 ddc
|4 0
|6 323_409549200000000_COM
|7 0
|9 73463
|a BRACUL
|b BRACUL
|c GEN
|d 2023-03-23
|e Complimentary copy
|g 500.00
|l 0
|o 323.4095492 COM
|p 3010041020
|r 2023-03-23
|t 2
|w 2023-03-23
|y BK
|
| 952 |
|
|
|0 0
|1 0
|2 ddc
|4 0
|6 323_409549200000000_COM
|7 0
|9 73464
|a BRACUL
|b BRACUL
|c GEN
|d 2023-03-23
|e Complimentary copy
|g 500.00
|l 0
|o 323.4095492 COM
|p 3010041021
|r 2023-03-23
|t 3
|w 2023-03-23
|y BK
|